000
00299nam a22001337a 4500
003
SGT
082
_a
954.034
_b
K10D
100
_a
DIKSHIT, PARDEEP
245
_a
KHADI, EK ETIHASIK SAMAGRA
260
_a
INDIA
_b
GANDHI SEVA SANGH
_c
2010
300
_a
444
650
_a
MAHATMA GANDHI
942
_2
ddc
_c
BK
999
_c
26004
_d
26004